Statistics for Someone like u (interlude) Ariana Grande

Click here to take the quiz!

General Stats

  • This quiz has been taken 47 times
  • The average score is 63 of 70

Answer Stats

Answer% Correct
like
97%
like
97%
like
97%
like
97%
like
97%
like
97%
like
97%
someone
97%
(someone
97%
someone
97%
(someone
97%
someone
97%
someone
97%
(someone
97%
you
97%
you)
97%
you
97%
you
97%
you,
97%
you
97%
you)
97%
you
97%
you,
97%
you,
97%
you,
97%
you,
97%
you
97%
you)
97%
be
94%
be
94%
be
94%
be
94%
I've
94%
I've
94%
I've
94%
I've
94%
for
91%
for
91%
for
91%
for
91%
to
91%
to
91%
true
91%
true
91%
been
89%
been
89%
been
89%
been
89%
good
89%
good
89%
waiting
89%
waiting
89%
waiting
89%
waiting
89%
baby
83%
baby,
83%
baby,
83%
too
83%
too
83%
yeah,
83%
don't
77%
don't
77%
please
77%
please
77%
time
77%
time,
77%
this
74%
this
74%
Mm,
66%
oh
66%

Score Distribution

Percentile by Number Answered

Percent of People with Each Score

Your Score History

You have not taken this quiz